Podpora vytvárania pracovných miest

Bibliographic Details
Main Author: Martinková, Viera (Author)
Format: Article
Language:Slovak
ISSN:1335-0714
Subjects:

MARC

LEADER 00000nab a2200000 a 4500
001 vtls000771320
003 SK-MaSNL
005 20260303072822.0
008 180206c2001 xo 0 slo
015 |a SNBRB2001/10-30724 
035 |a CLN000123107 
040 |a SNKBUCL  |b slo  |c SNKBUCL  |e AACR2 
041 0 |a slo 
044 |a xo  |c SK 
080 |a 331.572.4(437.6):336.57  |2 UDC-MRF-SK2 
080 |a 336.57(437.6)  |2 UDC-MRF-SK2 
100 1 |a Martinková, Viera  |4 aut  |9 843278 
245 1 0 |a Podpora vytvárania pracovných miest  |c Viera Martinková 
650 0 7 |a trh práce  |z Slovensko  |x miesta pracovné  |x vytváranie  |x dotácie účelové  |2 snkbucl  |9 1073661 
650 0 7 |a dotácie účelové  |2 snkbucl  |9 854930 
655 7 |a články z novín a časopisov  |2 snkbucl  |9 267496 
773 0 |x 1335-0714  |t Ekonomický a právny poradca podnikateľa  |g Č. 11 (2001), s. 108-116 
850 |a Slovenská národná knižnica v Martine 
852 |a SNK  |b KIS3GCP 
958 |a RBX 
999 |c 1764913  |d 1766843